[Event "FIDE World Rapid 2013"]
[Site "Khanty-Mansiysk RUS"]
[Date "2013.06.08"]
[Round "15.25"]
[White "Ram, S. Krishnan"]
[Black "Lagno, Kateryna"]
[Result "1/2-1/2"]
[BlackTitle "GM"]
[WhiteElo "2248"]
[BlackElo "2542"]
[WhiteFideId "5010519"]
[BlackFideId "14109336"]
[EventDate "2013.06.06"]

1. d4 Nf6 2. c4 g6 3. Nc3 d5 4. Nf3 Bg7 5. Bg5 Ne4 6. Bh4 Nxc3 7. bxc3 dxc4 8.
Qa4+ Qd7 9. Qxc4 b6 10. e3 Ba6 11. Qb3 Bxf1 12. Kxf1 O-O 13. Ke2 Nc6 14. Rhd1
Na5 15. Qb4 Rfe8 16. Rac1 Rac8 17. Bg3 c5 18. dxc5 Qe6 19. cxb6 axb6 20. Kf1
Qxa2 21. Qxb6 Nb3 22. Rb1 Rxc3 23. Kg1 Rec8 24. h4 Bf6 25. Be5 Bxe5 26. Nxe5 Nd2
27. Rb2 Qd5 28. Rbxd2 Qxe5 1/2-1/2

[Event "FIDE World Rapid 2013"]
[Site "Khanty-Mansiysk RUS"]
[Date "2013.06.08"]
[Round "15.26"]
[White "Skatchkov, Pavel"]
[Black "Pridorozhni, Aleksei"]
[Result "0-1"]
[WhiteTitle "GM"]
[BlackTitle "GM"]
[WhiteElo "2486"]
[BlackElo "2512"]
[WhiteFideId "4121848"]
[BlackFideId "4127870"]
[EventDate "2013.06.06"]

1. d4 d6 2. Nf3 Bg4 3. g3 Bxf3 4. exf3 d5 5. Bg2 e6 6. O-O g6 7. f4 c6 8. Nd2
Bg7 9. Nf3 Ne7 10. Ne5 O-O 11. h4 Nd7 12. h5 Rc8 13. hxg6 hxg6 14. c3 c5 15.
Nxd7 Qxd7 16. dxc5 Rxc5 17. Be3 Rc6 18. Qe2 Nf5 19. Rfd1 Rfc8 20. Bh3 Nxe3 21.
Qxe3 a6 22. Bg4 Rd6 23. Qe2 b5 24. Bf3 a5 25. Kg2 b4 26. cxb4 axb4 27. Rac1 Rdc6
28. Qd2 Rxc1 29. Rxc1 Rxc1 30. Qxc1 Qa7 31. g4 Qxa2 32. Qc8+ Kh7 33. f5 Qxb2 34.
fxg6+ Kxg6 35. Bxd5 Bd4 36. Be4+ Kg7 37. Qc2 Qa3 38. Qd2 Bf6 39. g5 Bc3 40. Qf4
Qa5 41. g6 f5 42. Qh4 Kxg6 43. Bf3 Kf7 44. Qh7+ Kf8 45. Qh6+ Ke7 46. Qh7+ Kd6
47. Qg8 Qe5 48. Qf8+ Kc7 49. Qe7+ Kb6 50. Qb7+ Kc5 51. Qa7+ Kc4 52. Qa6+ Kb3 53.
Qd3 Qd4 54. Qa6 Qe5 55. Qd3 Qg7+ 56. Kf1 Qd4 57. Bd1+ Ka3 58. Qa6+ Kb2 59. Qa4
Qc4+ 60. Kg1 Bd4 61. Be2 Qc5 62. Kg2 Bxf2 63. Bf3 Bg1 64. Kh3 b3 65. Qd7 Qc3 66.
Kg2 Qd4 0-1

[Event "FIDE World Rapid 2013"]
[Site "Khanty-Mansiysk RUS"]
[Date "2013.06.08"]
[Round "15.27"]
[White "Gordievsky, Dmitry"]
[Black "Byambaa, Zulzaga"]
[Result "1-0"]
[WhiteTitle "FM"]
[BlackTitle "FM"]
[WhiteElo "2474"]
[BlackElo "2285"]
[WhiteFideId "24112798"]
[BlackFideId "4900642"]
[EventDate "2013.06.06"]

1. d4 Nf6 2. c4 e6 3. Nf3 c5 4. d5 d6 5. Nc3 e5 6. e4 Be7 7. g3 O-O 8. Bg2 a6 9.
a4 Ne8 10. O-O g6 11. Bh6 Ng7 12. Ne1 f5 13. Nd3 Bf6 14. Qd2 Rf7 15. Rae1 Nd7
16. Kh1 Nh5 17. f4 exf4 18. exf5 fxg3 19. Ne4 Ne5 20. Nxe5 Bxe5 21. fxg6 hxg6
22. Rxf7 Kxf7 23. Rf1+ Bf5 24. Qe2 Qh4 25. h3 Nf4 26. Bxf4 Bxf4 27. Nxd6+ Bxd6
28. Qe6+ Kg7 29. Qxd6 Bxh3 30. Qe5+ Kg8 31. Rf4 Bg4+ 32. Kg1 Qh2+ 33. Kf1 Rf8
34. Rxf8+ Kxf8 35. Qf6+ 1-0

[Event "FIDE World Rapid 2013"]
[Site "Khanty-Mansiysk RUS"]
[Date "2013.06.08"]
[Round "15.28"]
[White "Nadanian, Ashot"]
[Black "Pasiev, Rakhim"]
[Result "1/2-1/2"]
[WhiteTitle "IM"]
[BlackTitle "IM"]
[WhiteElo "2428"]
[BlackElo "2384"]
[WhiteFideId "13300393"]
[BlackFideId "24122475"]
[EventDate "2013.06.06"]

1. e4 c5 2. d3 Nc6 3. g3 e6 4. Bg2 d5 5. exd5 exd5 6. Ne2 Nf6 7. O-O Be7 8. Nbc3
d4 9. Ne4 O-O 10. Nf4 Ne5 11. Nxf6+ Bxf6 12. h3 g6 13. Re1 Bg7 14. Bd2 Bd7 15.
b3 Bc6 16. Bxc6 Nxc6 17. Qf3 Qd7 18. Kg2 Rad8 19. g4 Ne5 20. Qg3 Qc6+ 21. f3
Rde8 22. Kf2 b5 23. Re2 f5 24. g5 c4 25. Rae1 cxd3 26. Nxd3 Qxc2 27. Nxe5 Bxe5
28. Rxe5 Rxe5 29. Rxe5 Qxd2+ 30. Re2 Qc1 31. Qd6 Qxg5 32. Qd5+ Kg7 33. Qxd4+ Kh6
34. h4 Qf6 35. Qf4+ Kh5 36. Kg3 g5 37. hxg5 Qxg5+ 38. Qxg5+ Kxg5 39. Re7 f4+ 40.
Kh3 a5 41. Ra7 a4 42. bxa4 bxa4 43. Rxa4 Rg8 44. Rb4 Kf5 45. Rb3 Ra8 46. a3 Ra5
47. Kh4 Re5 48. a4 Re3 49. Rb5+ Kf6 50. Kg4 Ra3 51. Rf5+ Kg6 52. Rxf4 h5+ 53.
Kh4 Ra1 54. Rb4 Rh1+ 55. Kg3 Rg1+ 56. Kf2 Ra1 57. Kg3 Rg1+ 58. Kf4 h4 59. Rb6+
Kg7 60. Rb7+ Kg6 61. a5 h3 62. Rb6+ Kg7 63. Rb2 Rg2 64. Rb7+ Kg6 65. Rb8 Kg7 66.
Rb5 Kg6 67. Rb6+ Kg7 68. Rb7+ Kg6 69. Rb6+ Kg7 70. Rb1 h2 71. Rh1 Ra2 72. a6 Kf6
73. a7 Rxa7 74. Rxh2 Ra4+ 1/2-1/2

[Event "FIDE World Rapid 2013"]
[Site "Khanty-Mansiysk RUS"]
[Date "2013.06.08"]
[Round "15.29"]
[White "Al-Sayed, Mohammed"]
[Black "Akbaev, Kazbek"]
[Result "0-1"]
[WhiteTitle "GM"]
[BlackTitle "IM"]
[WhiteElo "2498"]
[BlackElo "2475"]
[WhiteFideId "12100196"]
[BlackFideId "4131045"]
[EventDate "2013.06.06"]

1. d4 Nf6 2. Nf3 c5 3. c3 cxd4 4. cxd4 d5 5. Nc3 Nc6 6. Bf4 Bf5 7. e3 e6 8. Qb3
Qb6 9. Qxb6 axb6 10. Bb5 Bb4 11. O-O O-O 12. Rfc1 Rfc8 13. Na4 Nd7 14. a3 Be7
15. b4 f6 16. Nc3 Bg4 17. h3 Bh5 18. g4 Bf7 19. Kg2 g5 20. Bg3 h5 21. Nd2 f5 22.
gxf5 exf5 23. Nf3 h4 24. Bh2 g4 25. Ne1 Nf6 26. Na4 Bd8 27. Nd3 Ne4 28. Bf4 Kh7
29. Ra2 Bh5 30. Rac2 gxh3+ 31. Kxh3 Ra7 32. Kg2 Bf6 33. Kh2 Rg8 34. Ne5 Bxe5 35.
dxe5 Bf3 36. Rg1 Rxg1 37. Kxg1 Ra8 38. Nxb6 Rxa3 39. Rc1 Ra2 40. Nxd5 Nxf2 41.
Nf6+ Kg6 42. Bf1 Ng4 43. Nd7 Nxb4 44. e6 Nd5 45. Ne5+ Nxe5 46. Bxe5 Ra8 47. Bb5
Kh5 48. Kf2 Be4 49. Be2+ Kh6 50. Rg1 Re8 51. Rg7 Rxe6 52. Bd4 Rg6 53. Rxb7 h3
54. Rb8 Rg2+ 55. Kf1 h2 56. Rh8+ Kg6 57. Bh5+ Kg5 0-1